000
00218nam a22000857a 4500
008
160625b xxu||||| |||| 00| 0 eng d
100
_9
1133
_a
Padoan, G
245
_a
366 and More Fairy Tales
260
_a
Eng
_b
Brown Watson
_c
1986
999
_c
915
_d
915